000 01641nam a2200241Ia 4500
001 18057
003 GE_BSU
008 181216s||||||||xx |||||||||||||| ||und||
040 _cGE_BSU
080 _a811.353.1
100 _aჯავახიშვილი, ი. (ივანე, 1876-1940)
245 _aქართველი ერის ისტორიის შესავალი. წ.2. ქართული და კავკასიური ენების თავდაპირველი ბუნება და ნათესაობა
250 _aსაქ. სსრ მეცნ. აკად.
260 _aთბილისი
260 _bსსრკ მეცნ. აკად. საქ. ფილიალის გამომცემლობა
260 _c1937
300 _a754გვ.25 სმ.
300 _eდანართი: პირთა საძიებელი (გვ. 629-632), გეოგრაფიული სახელების საძიებელი (გვ. 632-639), ტომობრივი სახელების საძიებელი (გვ. 641-643), ტერმინების საძიებელი (გვ. 643-754).
520 _aდამატ. თავფურ. რუს. და ფრანგ. ენ
653 _aქართული და კავკასიური ენების თავდაპირველი ბუნება და ნათესაობა.
653 _aქართული ენა; კავკასიური ენები
942 _cBK
999 _c51100
_d51100